| 000 | 00000nam##2200000za#4500 |
| 001 | 9.692741 |
| 003 | CaOODSP |
| 005 | 20260106135352 |
| 007 | cr ||||||||||| |
| 008 | 150407|2009||||xxc|||||o f|0| 0 eng|d |
| 020 | |a978-1-100-13931-9 |
| 040 | |aCaOODSP|beng |
| 043 | |an-cn--- |
| 086 | 1 |aM154-34/2009E-PDF |
| 110 | 2 |aCANMET Energy Technology Centre (Canada) |
| 245 | 10|aEmerging hydropower technologies R&D in Canada : |h[electronic resource]|ba strategy for 2007-2011 / |cprepared by Natural Resources Canada, Hydraulic Energy Group, CanmetENERGY-Ottawa. |
| 260 | |aOttawa - Ontario : |bNatural Resources Canada. |cDecember 2007, c2009. |
| 300 | |a48p.|breferences, tables |
| 590 | |a09-44|b2009-10-30 |
| 690 | 07|aElectricity|2gcpds |
| 775 | 08|tLa R-D nouvelle au Canada sur les techniques d'hydro-électricité : |w(CaOODSP)9.636956 |
| 856 | 40|ahttp://publications.gc.ca|qPDF|s2024 KB|uhttps://publications.gc.ca/collections/collection_2009/nrcan/M154-34-2009E.pdf |